000 00448nam a2200181Ia 4500
001 25437
005 20260414151150.0
008 260414t2004||||xx |||||||||||||| ||spa||
041 _aESP
082 _a346.5
_bS31
100 _aScognamiglio, Renato
_eAUT
245 0 _aContribución a la teoría del negocio jurídico
_b
260 _c2004
300 _a529 páginas :
_c24 cm.
650 _aDER
654 _aCDE
942 _cLIB
_dJUS
_fJUS
_2ddc
_n
999 _c25437
_d25437